Statistics for Somewhat famous animals #1 [pic]

Click here to take the quiz!

General Stats

  • This quiz has been taken 16 times
  • The average score is 8 of 16

Answer Stats

Answer% Correct
Peppa Pig
93%
Piglet
86%
Scar
79%
Chip / Dale
71%
Peter Rabbit
71%
Wile E Coyote
64%
Porky Pig
57%
Cowardly Lion
43%
Eeyore
43%
Mister Ed
43%
Shere Khan
43%
Napoleon
36%
Bagheera
21%
Jolly Jumper
7%
Marengo
7%
Sergeant Reckless
0%

Score Distribution

Percentile by Number Answered

Percent of People with Each Score

Your Score History

You have not taken this quiz